Design of steel structures (Record no. 9802)

000 -LEADER
fixed length control field 00345nam a2200145Ia 4500
003 - CONTROL NUMBER IDENTIFIER
control field OSt
005 - DATE AND TIME OF LATEST TRANSACTION
control field 20220303104509.0
008 - FIXED-LENGTH DATA ELEMENTS--GENERAL INFORMATION
fixed length control field 220112s9999||||xx |||||||||||||| ||und||
020 ## - INTERNATIONAL STANDARD BOOK NUMBER
International Standard Book Number 9789384007188
082 ## - DEWEY DECIMAL CLASSIFICATION NUMBER
Classification number 624.182
Item number KUM
100 ## - MAIN ENTRY--PERSONAL NAME
Personal name Kumar, Shanti
245 #0 - TITLE STATEMENT
Title Design of steel structures
260 ## - PUBLICATION, DISTRIBUTION, ETC. (IMPRINT)
Name of publisher, distributor, etc Med Tech Publishers
Date of publication, distribution, etc 2016
942 ## - ADDED ENTRY ELEMENTS (KOHA)
Source of classification or shelving scheme
Holdings
Withdrawn status Lost status Source of classification or shelving scheme Damaged status Koha normalized classification for sorting Not for loan Permanent location Current location Date acquired Source of acquisition Cost, normal purchase price Full call number Barcode Date last seen Cost, replacement price Price effective from Koha item type
        624_182000000000000_KUM   BMS College of Architecture, Design and Planning BMS College of Architecture, Design and Planning 2022-03-03 4 1416.60 624.182 KUM AR-UG2385 2022-03-03 1888.80 2022-03-03 UG Books
Copyright © 2025, The Librarian, Library and Information Centre, BMSCA D&P, Bengaluru. All Rights Reserved
web counter

Powered by Koha